Pizza Toppings - Statistics

General Stats
  • This quiz has been taken 105 times
  • The average score is 20 of 112
Answer Stats
Answer % Correct
Pepperoni
93%
Pineapple
89%
Ham
73%
Sausage
71%
Chicken
69%
Anchovies
62%
Bacon
60%
Mushrooms
60%
Onions
56%
Tomatoes
55%
Basil
51%
Beef
49%
Bell peppers
45%
Spinach
44%
Black olives
42%
Pork
40%
Garlic
38%
Salami
38%
Tuna
38%
Green olives
35%
Broccoli
33%
Lettuce
33%
Oregano
31%
Turkey
29%
Eggplant
27%
Lamb
25%
Peas
25%
Potatoes
25%
Salmon
25%
Meatballs
22%
Thyme
22%
Cauliflower
20%
Avocado
18%
Capers
18%
Carrots
16%
Parsley
16%
Red onions
16%
Rosemary
16%
Shrimp
16%
Venison
16%
Cilantro
15%
Duck
15%
Prosciutto
15%
Asparagus
13%
Banana peppers
13%
Jalapeño peppers
13%
Sweet corn
13%
Zucchini
13%
Beets
11%
Canadian bacon
11%
Chives
11%
Green onions
11%
Lobster
11%
Olive oil
11%
Calamari
9%
Chorizo
9%
Clams
9%
Leeks
9%
Prawns
9%
Salsa
9%
Squid
9%
Caviar
7%
Cherry tomatoes
7%
Coriander
7%
Dill
7%
Pancetta
7%
Sauerkraut
7%
Scallions
7%
Scallops
7%
Shallots
7%
Sun-dried tomatoes
7%
Watercress
7%
Almonds
5%
Artichoke hearts
5%
Black beans
5%
Chili flakes
5%
Cumin
5%
Peanuts
5%
Pine nuts
5%
Walnuts
5%
Alfalfa sprouts
4%
Bamboo shoots
4%
Bean sprouts
4%
Chili oil
4%
Kalamata olives
4%
Pecans
4%
Portabello mushrooms
4%
Red beans
4%
Refried beans
4%
Shiitake mushrooms
4%
Snow peas
4%
Water chestnuts
4%
Barbecued chicken
2%
Barbecued pulled pork
2%
Bay leaf
2%
Butternut squash
2%
Cajun flavored chicken
2%
Cardamom
2%
Chutney
2%
Crayfish
2%
Granny Smith apples
2%
Green chilis
2%
Guacamole
2%
Hard boiled eggs
2%
Heart of palm
2%
Pepperoncinis
2%
Pistachios
2%
Smoked oysters
2%
Smoked salmon
2%
Tasso ham
2%
Trumpet mushrooms
2%
Yellow squash
2%
No matching quizzes found
Score Distribution
Percent of People with Each Score
Percentile by Number Answered
Your Score History
You have not taken this quiz